| 000 | 00697nam a22002417a 4500 | ||
|---|---|---|---|
| 999 |
_c174332 _d174332 |
||
| 005 | 20200605144816.0 | ||
| 010 | _aB-283884 | ||
| 020 | _c200.00 | ||
| 035 | _aB-283884 | ||
| 037 | _bCen Lib/Ret | ||
| 082 | _a842 | ||
| 100 | _aزبیر رضوی | ||
| 245 |
_aتماشا میرے آگے / _cزبیر رضوی |
||
| 246 |
_aTamasha Mere Aage / _bby Zuber Rizvi |
||
| 260 |
_aNew Delhi _bGhalib Institute _c2007 ء |
||
| 270 |
_aAiwan Ghalib Marg _bNew Delhi _e110002 |
||
| 300 |
_a418p. _c22cm(Hb) |
||
| 650 |
_aادب -- اردو _v |
||
| 650 | _aاردو افسانے | ||
| 650 | _aLiterature -- Urdu | ||
| 650 | _aUrdu stories | ||
| 942 |
_2ddc _cUR _h842 _mت م ا |
||